[Event "Thessaloniki Cup Final 4"]
[Site "Thessaloniki"]
[Date "2020.09.19"]
[Round "1.2"]
[White "Ioannidis, Evgenios"]
[Black "Ballas, Athanasios Panag"]
[Result "1-0"]
[WhiteElo "2408"]
[BlackElo "2055"]
[PlyCount "65"]
[EventDate "2020.09.19"]
[EventType "team-k.o."]
[EventRounds "2"]
[EventCountry "GRE"]
[SourceTitle "CBM 198 Extra"]
[Source "ChessBase"]
[SourceDate "2020.11.30"]
[SourceVersion "1"]
[SourceVersionDate "2020.11.30"]
[SourceQuality "1"]
[WhiteTeam "Galaxias"]
[BlackTeam "Kalamarias"]
[WhiteTeamCountry "GRE"]
[BlackTeamCountry "GRE"]

1. d4 Nf6 2. c4 g6 3. f3 d5 4. cxd5 Nxd5 5. e4 Nb6 6. Nc3 Bg7 7. Be3 0-0 8. Qd2 e5 9. d5 c6 10. h4 cxd5 11. exd5 N8d7 12. h5 Nf6 13. hxg6 fxg6 14. 0-0-0 Bd7 15. d6 Rc8 16. Kb1 Bf5+ 17. Ka1 e4 18. Nh3 exf3 19. gxf3 Nc4 20. Bxc4+ Rxc4 21. Ng5 b5 22. Nd5 Rc2 23. Ne7+ Kh8 24. Qd5 h5 25. Nf7+ Kh7 26. Ng5+ Kh8 27. Nf7+ Kh7 28. Qb3 Qd7 29. Ne5 Qe6 30. N5xg6 Rd8 31. Nf4 Rxb2 32. Qxb2 Qxe3 33. Nxh5 1-0

[Event "Kavala op 28th"]
[Site "Kavala"]
[Date "2019.08.04"]
[Round "1"]
[White "Ballas, Athanasios Panag"]
[Black "Zwardon, Vojtech"]
[Result "0-1"]
[WhiteElo "2066"]
[BlackElo "2468"]
[PlyCount "55"]
[EventDate "2019.08.04"]
[EventType "swiss"]
[EventRounds "9"]
[EventCountry "GRE"]
[SourceTitle "CBM 191 Extra"]
[Source "ChessBase"]
[SourceDate "2019.09.30"]
[SourceVersion "1"]
[SourceVersionDate "2019.09.30"]
[SourceQuality "1"]

1. d4 Nf6 2. Nf3 e6 3. e3 b6 4. Bd3 Bb7 5. 0-0 g5 6. Nxg5 Rg8 7. f4 c5 8. c3 Nc6 9. Qc2 h6 10. Ne4 Nd5 11. a3 f5 12. Ng3 cxd4 13. e4 fxe4 14. Bxe4 Qf6 15. Bxd5 exd5 16. Re1+ Kd8 17. Qd3 Rc8 18. Rd1 h5 19. Qh7 Rg6 20. Nxh5 Qf5 21. Ng3 Qc2 22. Re1 Kc7 23. cxd4 Nxd4 24. f5 Rg4 25. Qh5 Bc5 26. Be3 Ne2+ 27. Rxe2 Qd1+ 28. Nf1 0-1

[Event "GRE-ch U20"]
[Site "Trikala"]
[Date "2019.05.06"]
[Round "9"]
[White "Katopodis, Dimitrios"]
[Black "Ballas, Athanasios Panag"]
[Result "1/2-1/2"]
[WhiteElo "2273"]
[BlackElo "2041"]
[PlyCount "122"]
[EventDate "2019.04.30"]
[EventType "swiss"]
[EventRounds "9"]
[EventCountry "GRE"]
[SourceTitle "CBM 190 Extra"]
[Source "ChessBase"]
[SourceDate "2019.07.15"]
[SourceVersion "1"]
[SourceVersionDate "2019.07.15"]
[SourceQuality "1"]

1. d4 Nf6 2. Nf3 g6 3. c4 Bg7 4. Nc3 d5 5. cxd5 Nxd5 6. e4 Nxc3 7. bxc3 c5 8. Be3 Qa5 9. Qd2 Nc6 10. Rb1 a6 11. Rc1 f5 12. e5 f4 13. Bxf4 Bg4 14. Be2 Rd8 15. 0-0 cxd4 16. cxd4 Qxd2 17. Bxd2 Bxf3 18. Bxf3 Nxd4 19. Bg4 h5 20. Bd1 Bxe5 21. Bg5 Rd7 22. Re1 Bg7 23. Ba4 b5 24. Bb3 Nxb3 25. axb3 Kf7 26. Rc6 Ra8 27. b4 Rad8 28. Rce6 Bf6 29. Bxf6 exf6 30. Rxa6 Rd1 31. Ra7+ Kf8 32. Kf1 Rxe1+ 33. Kxe1 Rd4 34. Rb7 Rxb4 35. Kd2 Rh4 36. g3 Rxh2 37. Ke2 Rh1 38. Rxb5 Kg7 39. Kf3 g5 40. Kg2 Ra1 41. Kh3 Ra3 42. Kg2 Kg6 43. Rb8 Ra4 44. Kh3 Ra6 45. Rh8 Ra7 46. Kg2 Rh7 47. Rb8 Rf7 48. Rb6 Kg7 49. Kh3 f5 50. f4 Rf6 51. Rb7+ Rf7 52. Rb6 Rf6 53. Rb7+ Kg6 54. fxg5 Kxg5 55. Rg7+ Rg6 56. Rf7 h4 57. Rh7 hxg3 58. Kxg3 Rc6 59. Rg7+ Kf6 60. Ra7 Rc5 61. Ra3 Kg5 1/2-1/2

[Event "GRE-ch U20"]
[Site "Trikala"]
[Date "2019.05.05"]
[Round "8"]
[White "Ballas, Athanasios Panag"]
[Black "Triantos, Konstantinos"]
[Result "1-0"]
[WhiteElo "2041"]
[BlackElo "2082"]
[PlyCount "67"]
[EventDate "2019.04.30"]
[EventType "swiss"]
[EventRounds "9"]
[EventCountry "GRE"]
[SourceTitle "CBM 190 Extra"]
[Source "ChessBase"]
[SourceDate "2019.07.15"]
[SourceVersion "1"]
[SourceVersionDate "2019.07.15"]
[SourceQuality "1"]

1. e4 c5 2. Nf3 d6 3. d4 cxd4 4. Nxd4 Nf6 5. Nc3 Nc6 6. Bg5 e6 7. Qd2 a6 8. 0-0-0 Be7 9. f4 Bd7 10. Nf3 b5 11. e5 b4 12. exf6 bxc3 13. Qxc3 gxf6 14. Bd3 a5 15. Bh4 Rc8 16. Qd2 Qb6 17. Kb1 Rb8 18. c3 a4 19. g4 d5 20. Rhe1 Qc7 21. Re2 Na5 22. f5 e5 23. g5 e4 24. Bg3 Qc8 25. Bxb8 exd3 26. Rxe7+ Kxe7 27. Qe3+ Be6 28. gxf6+ Ke8 29. fxe6 Qxb8 30. exf7+ Kd7 31. Qe7+ Kc6 32. Nd4+ Kb6 33. Qb4+ Ka6 34. Qxb8 1-0

[Event "Thessaloniki/Chalkidiki-chT"]
[Site "Thessaloniki/Chalkidiki"]
[Date "2019.03.17"]
[Round "8.8"]
[White "Fotiadis, Alexandros"]
[Black "Ballas, Athanasios Panag"]
[Result "0-1"]
[WhiteElo "1249"]
[BlackElo "1996"]
[PlyCount "76"]
[EventDate "2019.01.13"]
[EventType "team-tourn"]
[EventRounds "9"]
[EventCountry "GRE"]
[SourceTitle "EXT 2020"]
[Source "ChessBase"]
[SourceDate "2019.10.17"]
[SourceVersion "1"]
[SourceVersionDate "2019.10.17"]
[SourceQuality "1"]
[WhiteTeam "Papafi Chronikos"]
[BlackTeam "Kalamarias ES"]
[WhiteTeamCountry "GRE"]
[BlackTeamCountry "GRE"]

1. d4 e6 2. c4 b6 3. e4 Bb7 4. Nc3 Bb4 5. Bd3 f5 6. f3 Qh4+ 7. g3 Qh5 8. Be3 Ne7 9. Qc2 fxe4 10. fxe4 0-0 11. Be2 Qa5 12. 0-0-0 Nf5 13. Bf4 Nxd4 14. Rxd4 e5 15. Bxe5 Qxe5 16. Qd3 Bc5 17. Nf3 Rxf3 18. Qxf3 Bxd4 19. Rf1 Qg5+ 20. Kb1 Qe7 21. c5 Bf6 22. Bc4+ Kh8 23. Nd5 Bxd5 24. exd5 Qxc5 25. Re1 Qf8 26. Bd3 g6 27. d6 Nc6 28. Rf1 Ne5 29. Qxf6+ Qxf6 30. Rxf6 Nxd3 31. dxc7 Rc8 32. Rd6 Nc5 33. b4 Ne6 34. Rxd7 Rxc7 35. Rd6 Ng5 36. h4 Ne4 37. Rd8+ Kg7 38. Rd3 Kf6 0-1

[Event "Thessaloniki-Chalkidiki CupT"]
[Site "Thessaloniki"]
[Date "2019.03.16"]
[Round "2.1"]
[White "Ballas, Athanasios Panag"]
[Black "Batsi, Lida"]
[Result "1-0"]
[WhiteElo "1865"]
[BlackElo "1373"]
[PlyCount "49"]
[EventDate "2019.02.09"]
[EventType "team-swiss"]
[EventRounds "5"]
[EventCountry "GRE"]
[SourceTitle "EXT 2021"]
[Source "ChessBase"]
[SourceDate "2020.10.23"]
[SourceVersion "1"]
[SourceVersionDate "2020.10.23"]
[SourceQuality "1"]

1. Nf3 Nf6 2. d4 e6 3. e3 b6 4. b3 Bb7 5. Bb2 Bb4+ 6. c3 Be7 7. Bd3 0-0 8. Nbd2 c5 9. 0-0 d6 10. c4 d5 11. Ne5 Nc6 12. Ndf3 Nb4 13. Bb1 dxc4 14. bxc4 Qc7 15. a3 Nc6 16. Qe2 Rfd8 17. Ng5 Nxe5 18. dxe5 Qc6 19. f4 Nd7 20. Bxh7+ Kf8 21. Be4 Qc7 22. Qh5 Bxg5 23. fxg5 Nb8 24. Qh8+ Ke7 25. Rxf7+ 1-0

[Event "Thessaloniki/Chalkidiki-chT"]
[Site "Thessaloniki/Chalkidiki"]
[Date "2019.01.27"]
[Round "3.8"]
[White "Ballas, Athanasios Panag"]
[Black "Tsaknakis, Zisis"]
[Result "1-0"]
[WhiteElo "1996"]
[BlackElo "2253"]
[PlyCount "89"]
[EventDate "2019.01.13"]
[EventType "team-tourn"]
[EventRounds "9"]
[EventCountry "GRE"]
[SourceTitle "EXT 2020"]
[Source "ChessBase"]
[SourceDate "2019.10.17"]
[SourceVersion "1"]
[SourceVersionDate "2019.10.17"]
[SourceQuality "1"]
[WhiteTeam "Kalamarias ES"]
[BlackTeam "Galaxias"]
[WhiteTeamCountry "GRE"]
[BlackTeamCountry "GRE"]

1. e4 c5 2. Nf3 d6 3. d4 cxd4 4. Nxd4 Nf6 5. Nc3 a6 6. Be2 e5 7. Nb3 Be7 8. Bg5 Be6 9. Bxf6 Bxf6 10. Qd3 Nc6 11. Nd5 Bg5 12. 0-0 0-0 13. Rad1 Rc8 14. c3 f5 15. Ne3 f4 16. Nf5 Qf6 17. Nxd6 Rfd8 18. Nc5 Ne7 19. Ncxb7 Rd7 20. Qxa6 f3 21. Bxf3 Rc6 22. Qa8+ Qf8 23. Qxf8+ Kxf8 24. Be2 Nc8 25. f4 exf4 26. e5 Nxd6 27. Rxd6 Rdxd6 28. Nxd6 Bh6 29. g3 g5 30. h4 gxh4 31. gxf4 Bxa2 32. Ra1 Be6 33. Ra8+ Kg7 34. Ra7+ Kf8 35. Ra8+ Kg7 36. f5 Be3+ 37. Kf1 Bd5 38. f6+ Kg6 39. Bd3+ Kh5 40. Be2+ Kg6 41. Bd3+ Kh5 42. f7 Bxf7 43. Nxf7 h3 44. Rg8 h2 45. Kg2 1-0

[Event "GRE-ch U20"]
[Site "Chania"]
[Date "2018.04.16"]
[Round "9"]
[White "Giannoulakis, Labros"]
[Black "Ballas, Athanasios Panag"]
[Result "1-0"]
[WhiteElo "2310"]
[BlackElo "1951"]
[PlyCount "81"]
[EventDate "2018.04.10"]
[EventType "swiss"]
[EventRounds "9"]
[EventCountry "GRE"]
[SourceTitle "CBM 184 Extra"]
[Source "ChessBase"]
[SourceDate "2018.06.28"]
[SourceVersion "1"]
[SourceVersionDate "2018.06.28"]
[SourceQuality "1"]

1. d4 e6 2. c4 b6 3. Nc3 Bb7 4. e3 f5 5. Qc2 Nf6 6. f3 Bb4 7. Bd3 Bxc3+ 8. Qxc3 0-0 9. Ne2 c5 10. 0-0 d6 11. b3 Nbd7 12. Bb2 Rc8 13. Rad1 Qe7 14. Bb1 d5 15. Rfe1 Qf7 16. Nf4 cxd4 17. exd4 dxc4 18. bxc4 Bd5 19. Nxd5 exd5 20. Bxf5 Rfe8 21. c5 bxc5 22. dxc5 Rxc5 23. Qd4 Ra5 24. a4 Nb6 25. Qc3 Rxa4 26. Rxe8+ Nxe8 27. Re1 Qxf5 28. Rxe8+ Kf7 29. Re1 d4 30. Qc7+ Qd7 31. Qc5 g6 32. Ba3 Rxa3 33. Qxa3 Nd5 34. Ra1 Kf6 35. Qf8+ Ke5 36. Qh8+ Kf5 37. Qxd4 Qe6 38. Qg4+ Kf6 39. Qh4+ Kf5 40. g4+ Kf4 41. g5+ 1-0

[Event "GRE-ch U20"]
[Site "Chania"]
[Date "2018.04.12"]
[Round "4"]
[White "Ballas, Athanasios Panag"]
[Black "Alexakis, Dimitris"]
[Result "0-1"]
[WhiteElo "1951"]
[BlackElo "2282"]
[PlyCount "88"]
[EventDate "2018.04.10"]
[EventType "swiss"]
[EventRounds "9"]
[EventCountry "GRE"]
[SourceTitle "CBM 184 Extra"]
[Source "ChessBase"]
[SourceDate "2018.06.28"]
[SourceVersion "1"]
[SourceVersionDate "2018.06.28"]
[SourceQuality "1"]
[WhiteTeam "Greece"]
[BlackTeam "Greece"]
[WhiteTeamCountry "GRE"]
[BlackTeamCountry "GRE"]

1. e4 c5 2. Nf3 Nc6 3. d4 cxd4 4. Nxd4 Nf6 5. Nc3 d6 6. Bc4 Bd7 7. 0-0 e6 8. Be3 Qc7 9. Ndb5 Qb8 10. a4 a6 11. Nd4 Be7 12. Qe2 0-0 13. f4 Re8 14. Nb3 Qc7 15. a5 Rac8 16. Bb6 Nd4 17. Bxd4 Qxc4 18. Qxc4 Rxc4 19. e5 dxe5 20. fxe5 Ng4 21. h3 Rxd4 22. Nxd4 Nxe5 23. Kh1 Rc8 24. Rfd1 Be8 25. Nce2 g6 26. b3 Nd7 27. c4 Nc5 28. Rab1 e5 29. Nc2 Ne4 30. Kh2 Bc5 31. Rd3 f5 32. Rbd1 Be7 33. Rd5 Bf6 34. Nb4 Bf7 35. Rd7 Nc5 36. R7d6 Be7 37. Rb6 Bd8 38. Nd5 Bxb6 39. Ne7+ Kf8 40. Nxc8 Bxa5 41. Nd6 Be6 42. Nc1 e4 43. Na2 Bc7 44. b4 Nd3 0-1

[Event "GRE-chT 45th"]
[Site "Achaia"]
[Date "2017.07.08"]
[Round "7.3"]
[White "Loutragotis, Dimitrios"]
[Black "Ballas, Athanasios Panag"]
[Result "1/2-1/2"]
[WhiteElo "2241"]
[BlackElo "2015"]
[PlyCount "85"]
[EventDate "2017.07.03"]
[EventType "team-swiss"]
[EventRounds "7"]
[EventCountry "GRE"]
[SourceTitle "CBM 179 Extra"]
[Source "ChessBase"]
[SourceDate "2017.08.23"]
[SourceVersion "1"]
[SourceVersionDate "2017.08.23"]
[SourceQuality "1"]
[WhiteTeam "Glyfadas Zenon"]
[BlackTeam "Thessaloniki HS"]
[WhiteTeamCountry "GRE"]
[BlackTeamCountry "GRE"]

1. e4 c5 2. Nf3 e6 3. d4 cxd4 4. Nxd4 Nc6 5. Nc3 Qc7 6. Be2 a6 7. 0-0 Nf6 8. Be3 Be7 9. Kh1 0-0 10. f4 d6 11. Qe1 Nxd4 12. Bxd4 b5 13. a3 Bb7 14. Qg3 Bc6 15. Rae1 Rab8 16. e5 Ne8 17. Bd3 b4 18. Ne4 Bxe4 19. Rxe4 d5 20. Re3 Bc5 21. Qh4 h6 22. Bxc5 Qxc5 23. Rg3 Kh8 24. Rff3 f5 25. Rg6 Kh7 26. Rxh6+ gxh6 27. Rh3 Ng7 28. Qxh6+ Kg8 29. Qh7+ Kf7 30. Rg3 Rg8 31. Qg6+ Kf8 32. Qf6+ Ke8 33. Rxg7 Rxg7 34. Qxg7 Qf8 35. Qc7 Rd8 36. Be2 Qe7 37. Qc6+ Kf8 38. axb4 Qxb4 39. h3 Qe1+ 40. Kh2 Qxe2 41. Qxe6 Qe4 42. Qf6+ Ke8 43. Qe6+ 1/2-1/2

[Event "GRE-ch U16"]
[Site "Kavala"]
[Date "2016.01.08"]
[Round "9"]
[White "Ballas, Athanasios Panag"]
[Black "Tsaknakis, Zisis"]
[Result "0-1"]
[WhiteElo "1956"]
[BlackElo "2052"]
[PlyCount "90"]
[EventDate "2016.01.02"]
[EventType "swiss"]
[EventRounds "9"]
[EventCountry "GRE"]
[SourceTitle "EXT 2024"]
[Source "ChessBase"]
[SourceDate "2023.10.10"]
[SourceVersion "1"]
[SourceVersionDate "2023.10.10"]
[SourceQuality "1"]

1. d4 Nf6 2. c4 g6 3. Nc3 Bg7 4. e4 d6 5. Nf3 0-0 6. h3 e5 7. d5 Nh5 8. g3 Qe8 9. Be2 f5 10. exf5 gxf5 11. Nh4 Nf6 12. Qc2 a5 13. Bd3 e4 14. Be2 Na6 15. Be3 Nd7 16. Ng2 Nb4 17. Qd2 Ne5 18. Nf4 Nbd3+ 19. Nxd3 exd3 20. Bd1 f4 21. gxf4 Nxc4 22. Qxd3 Nxb2 23. Qd2 Nc4 24. Qd3 Nxe3 25. fxe3 Bf5 26. Qd2 Qe7 27. 0-0 Rf6 28. Rf3 Rh6 29. Rc1 Bxh3 30. Qf2 Kh8 31. Rg3 Bf6 32. Nb5 c5 33. dxc6 bxc6 34. Bf3 Rg8 35. Rxg8+ Kxg8 36. Bxc6 Qg7+ 37. Bg2 Rg6 38. Rc2 Qb7 39. Qf1 Qe4 40. Re2 Qd3 41. Nc7 Kh8 42. Qf3 Bg4 43. Qa8+ Rg8 44. Qc6 Bxe2 45. Nd5 Bf3 0-1

[Event "GRE-chT 43rd"]
[Site "Porto Rio"]
[Date "2015.10.12"]
[Round "7.4"]
[White "Ballas, Athanasios Panag"]
[Black "Serpetsidakis, Nikolaos"]
[Result "1-0"]
[WhiteElo "1893"]
[BlackElo "1854"]
[PlyCount "75"]
[EventDate "2015.10.08"]
[EventType "team-swiss"]
[EventRounds "7"]
[EventCountry "GRE"]
[SourceTitle "CBM 168 Extra"]
[Source "ChessBase"]
[SourceDate "2015.10.29"]
[SourceVersion "1"]
[SourceVersionDate "2015.10.29"]
[SourceQuality "1"]
[WhiteTeam "Thessaloniki"]
[BlackTeam "OFI"]
[WhiteTeamCountry "GRE"]
[BlackTeamCountry "GRE"]

1. e4 c5 2. Nf3 Nc6 3. d4 cxd4 4. Nxd4 g6 5. c4 Bg7 6. Be3 Nf6 7. Nc3 Ng4 8. Qxg4 Nxd4 9. Qd1 Ne6 10. Qd2 Qa5 11. Rc1 b6 12. Qd5 Qxd5 13. cxd5 Nc5 14. f3 0-0 15. b4 Na6 16. a3 Bb7 17. Nb5 f5 18. Bd3 fxe4 19. fxe4 Be5 20. Ke2 Rfc8 21. Rxc8+ Bxc8 22. Rc1 Bb7 23. g3 Kf7 24. Rf1+ Kg7 25. Bf4 Bxf4 26. gxf4 Kf7 27. Rc1 Ke8 28. Ke3 Kd8 29. Kd4 d6 30. e5 dxe5+ 31. fxe5 Ke8 32. Nc7+ Nxc7 33. Rxc7 Bc8 34. Bb5+ Kd8 35. d6 exd6 36. exd6 a6 37. Bc6 Rb8 38. Re7 1-0

[Event "GRE-chT 43rd"]
[Site "Porto Rio"]
[Date "2015.10.10"]
[Round "5.3"]
[White "Georgakopoulos, Nikolaos K"]
[Black "Ballas, Athanasios Panag"]
[Result "1/2-1/2"]
[WhiteElo "2044"]
[BlackElo "1893"]
[PlyCount "113"]
[EventDate "2015.10.08"]
[EventType "team-swiss"]
[EventRounds "7"]
[EventCountry "GRE"]
[SourceTitle "CBM 168 Extra"]
[Source "ChessBase"]
[SourceDate "2015.10.29"]
[SourceVersion "1"]
[SourceVersionDate "2015.10.29"]
[SourceQuality "1"]
[WhiteTeam "Chania ADA"]
[BlackTeam "Thessaloniki"]
[WhiteTeamCountry "GRE"]
[BlackTeamCountry "GRE"]

1. e4 e6 2. Qe2 c5 3. Nf3 Be7 4. d3 d5 5. Nbd2 Nc6 6. g3 Nf6 7. Bg2 0-0 8. 0-0 Qc7 9. e5 Nd7 10. Re1 b5 11. Nf1 c4 12. d4 c3 13. b3 a5 14. Bf4 a4 15. h4 Ba3 16. N1h2 Nb4 17. Ng4 Bb2 18. Rab1 Nxa2 19. bxa4 bxa4 20. Qe3 Kh8 21. Bg5 Nb4 22. Bf6 Rg8 23. Ng5 Nxf6 24. exf6 Ba6 25. Ne5 Raf8 26. Qf3 g6 27. Bh3 Nxc2 28. Bxe6 fxe6 29. f7 Rg7 30. Qf6 Nxd4 31. h5 Qd8 32. Qxd8 Rxd8 33. h6 a3 34. hxg7+ Kxg7 35. Rbd1 h6 36. Rxd4 hxg5 37. Ra4 c2 38. Rxa6 Bxe5 39. Rc1 Rc8 40. Rxe6 Bb2 41. Re8 Kxf7 42. Rxc8 Bxc1 43. Rxc2 Bb2 44. Rc7+ Ke6 45. Ra7 d4 46. Kf1 Kd5 47. Ke2 Kc4 48. Rc7+ Kb3 49. Kd3 Bc3 50. Rb7+ Bb4 51. Ra7 a2 52. Rxa2 Kxa2 53. Kxd4 Be1 54. Ke3 g4 55. Kf4 Bxf2 56. Kg5 Bxg3 57. Kxg4 1/2-1/2

[Event "GRE-chT 43rd"]
[Site "Porto Rio"]
[Date "2015.10.08"]
[Round "1.3"]
[White "Loutragotis, Dimitrios"]
[Black "Ballas, Athanasios Panag"]
[Result "0-1"]
[WhiteElo "1967"]
[BlackElo "1893"]
[PlyCount "74"]
[EventDate "2015.10.08"]
[EventType "team-swiss"]
[EventRounds "7"]
[EventCountry "GRE"]
[SourceTitle "CBM 168 Extra"]
[Source "ChessBase"]
[SourceDate "2015.10.29"]
[SourceVersion "1"]
[SourceVersionDate "2015.10.29"]
[SourceQuality "1"]
[WhiteTeam "Glyfadas Zenon"]
[BlackTeam "Thessaloniki"]
[WhiteTeamCountry "GRE"]
[BlackTeamCountry "GRE"]

1. e4 d6 2. d4 Nf6 3. Nc3 c6 4. a4 Qa5 5. Bd2 e5 6. Nf3 Bg4 7. h3 Bxf3 8. Qxf3 Nbd7 9. g4 exd4 10. Nb5 Qd8 11. Nxd4 Qe7 12. Bg2 d5 13. Nf5 Qxe4+ 14. Qxe4+ Nxe4 15. Bf4 0-0-0 16. 0-0 Ndf6 17. c4 g6 18. Ng3 Nxg3 19. fxg3 Bc5+ 20. Kh2 Bd4 21. Rad1 Bxb2 22. Rf2 Bc3 23. Rc2 d4 24. Be5 Nd7 25. Bxh8 Rxh8 26. Re2 Kd8 27. Rb1 Kc8 28. Re7 Rf8 29. g5 Kc7 30. Rf1 d3 31. Rf3 Bb4 32. Rexf7 d2 33. Rxd7+ Kxd7 34. Rd3+ Kc7 35. h4 Kb6 36. Be4 Rf1 37. c5+ Kxc5 0-1

[Event "GRE-ch U16"]
[Site "Rio Achaia"]
[Date "2015.07.01"]
[Round "8.9"]
[White "Danis, Hrisovalantis"]
[Black "Ballas, Athanasios Panag"]
[Result "1-0"]
[WhiteElo "1902"]
[BlackElo "1794"]
[PlyCount "121"]
[EventDate "2015.06.26"]
[EventType "swiss"]
[EventRounds "9"]
[EventCountry "GRE"]
[SourceTitle "EXT 2024"]
[Source "ChessBase"]
[SourceDate "2023.10.10"]
[SourceVersion "1"]
[SourceVersionDate "2023.10.10"]
[SourceQuality "1"]

1. e4 e6 2. d3 c5 3. Nf3 Nc6 4. g3 d6 5. Bg2 Nf6 6. 0-0 Be7 7. Re1 Qc7 8. c3 0-0 9. d4 Rd8 10. d5 Nb8 11. c4 e5 12. Nc3 a6 13. a4 Ne8 14. Qc2 g6 15. Ng5 Ng7 16. Nh3 Nd7 17. Bh6 Nf6 18. f3 Kh8 19. Nf2 Ng8 20. Bd2 f5 21. f4 Bf6 22. Kh1 Re8 23. Nd3 Bd7 24. fxe5 Bxe5 25. Nxe5 dxe5 26. Be3 Qd6 27. Rab1 a5 28. b3 b6 29. Qd2 Rf8 30. Rf1 Rf7 31. exf5 Bxf5 32. Nb5 Qd7 33. Rbe1 Raf8 34. Bg5 e4 35. Bf4 Nf6 36. Bc7 Ng4 37. Bxb6 e3 38. Rxe3 Nxe3 39. Qxe3 Be4 40. Rxf7 Bxg2+ 41. Kxg2 Qxf7 42. Qe2 Qf5 43. Bxc5 Re8 44. Qf3 Qc2+ 45. Kh3 Nf5 46. g4 Ng7 47. Nd6 Rb8 48. Nb5 h5 49. gxh5 Nxh5 50. Bd4+ Kg8 51. Qg4 Re8 52. Nd6 Qd3+ 53. Kh4 Ng7 54. Bxg7 g5+ 55. Qxg5 Re4+ 56. Nxe4 Qxe4+ 57. Qg4 Qe1+ 58. Kh3 Qf1+ 59. Kg3 Qd3+ 60. Kh4 Kf7 61. Bh6 1-0

[Event "GRE-ch U16"]
[Site "Rio Achaia"]
[Date "2015.06.29"]
[Round "6.5"]
[White "Alexiadis, Hristos"]
[Black "Ballas, Athanasios Panag"]
[Result "1-0"]
[WhiteElo "2333"]
[BlackElo "1794"]
[PlyCount "75"]
[EventDate "2015.06.26"]
[EventType "swiss"]
[EventRounds "9"]
[EventCountry "GRE"]
[SourceTitle "EXT 2024"]
[Source "ChessBase"]
[SourceDate "2023.10.10"]
[SourceVersion "1"]
[SourceVersionDate "2023.10.10"]
[SourceQuality "1"]

1. e4 c6 2. Nf3 d5 3. exd5 cxd5 4. c4 Nf6 5. cxd5 Nxd5 6. Nc3 Nc6 7. Bc4 e6 8. 0-0 Be7 9. d4 0-0 10. a3 Bf6 11. Ne4 a6 12. Qd3 Nb6 13. Nxf6+ Qxf6 14. Ba2 Qg6 15. Qe2 Nd5 16. Bb1 Qh5 17. Qd3 Qg6 18. Qe2 Qh5 19. Qd3 Qg6 20. Qd1 Qh5 21. h3 h6 22. Qc2 Nf6 23. Bf4 Ne7 24. Be5 Ned5 25. Re1 Qf5 26. Qb3 Qh5 27. Qd3 g5 28. Bxf6 Nxf6 29. Ne5 Kg7 30. Re3 g4 31. hxg4 Qg5 32. g3 Nxg4 33. Qh7+ Kf6 34. Rf3+ Ke7 35. Ng6+ Kd6 36. Nxf8 Qc1+ 37. Kg2 Qxb2 38. Ra2 1-0

[Event "GRE-ch U16"]
[Site "Rio Achaia"]
[Date "2015.06.29"]
[Round "5.7"]
[White "Ballas, Athanasios Panag"]
[Black "Kokkalis, Haralabos"]
[Result "1-0"]
[WhiteElo "1794"]
[BlackElo "1824"]
[PlyCount "131"]
[EventDate "2015.06.26"]
[EventType "swiss"]
[EventRounds "9"]
[EventCountry "GRE"]
[SourceTitle "EXT 2024"]
[Source "ChessBase"]
[SourceDate "2023.10.10"]
[SourceVersion "1"]
[SourceVersionDate "2023.10.10"]
[SourceQuality "1"]

1. e4 Nf6 2. Bd3 e5 3. Nf3 d6 4. 0-0 Be7 5. c3 0-0 6. Bc2 Bg4 7. d3 Nbd7 8. Nbd2 Re8 9. Re1 Nf8 10. h3 Be6 11. d4 Ng6 12. Nf1 h6 13. Ng3 c6 14. Bb3 Qc7 15. Nf5 Bf8 16. Qc2 d5 17. exd5 Bxd5 18. Bxd5 Nxd5 19. Bd2 exd4 20. N3xd4 c5 21. Nf3 Nde7 22. c4 Nxf5 23. Qxf5 Rad8 24. Bc3 Bd6 25. Rad1 Rxe1+ 26. Rxe1 Qd7 27. Qe4 b6 28. h4 Nf4 29. g3 Ne6 30. Qg4 Nd4 31. Qe4 Ne6 32. Kg2 Re8 33. Qd5 Qc7 34. Re4 Bf8 35. h5 Qd8 36. Qf5 Ng5 37. Nxg5 hxg5 38. Rxe8 Qxe8 39. Qxg5 Qe4+ 40. Kg1 Qb1+ 41. Kh2 Qf1 42. Qf5 Qc1 43. Kg2 Qh6 44. Be5 Bd6 45. Bc3 Bf8 46. Qd5 a5 47. a4 Bd6 48. Bd2 Qf6 49. Bg5 Qd4 50. Qxd4 cxd4 51. Kf3 Bc5 52. Ke4 f6 53. Bd2 Kf7 54. f4 Ke6 55. f5+ Kd6 56. g4 Kc6 57. b3 Be7 58. Kxd4 Bc5+ 59. Ke4 Be7 60. Be3 Bf8 61. Bd4 Be7 62. g5 Kc7 63. Kd5 fxg5 64. Bxg7 g4 65. h6 g3 66. Be5+ 1-0

[Event "GRE-ch U18"]
[Site "Kavala"]
[Date "2015.01.05"]
[Round "5"]
[White "Tsaknakis, Zisis"]
[Black "Ballas, Athanasios Panag"]
[Result "1-0"]
[WhiteElo "2276"]
[BlackElo "1795"]
[PlyCount "61"]
[EventDate "2015.01.02"]
[EventType "swiss"]
[EventRounds "9"]
[EventCountry "GRE"]
[SourceTitle "EXT 2024"]
[Source "ChessBase"]
[SourceDate "2023.10.10"]
[SourceVersion "1"]
[SourceVersionDate "2023.10.10"]
[SourceQuality "1"]

1. e4 e6 2. d4 d5 3. Nd2 Nf6 4. e5 Nfd7 5. Bd3 c5 6. c3 Nc6 7. Ne2 cxd4 8. cxd4 f6 9. exf6 Nxf6 10. Nf3 Bd6 11. 0-0 Qc7 12. Bg5 0-0 13. Bh4 Nh5 14. Nc3 a6 15. Rc1 g6 16. Na4 Qg7 17. Nb6 Rb8 18. Bxa6 Rxf3 19. Qxf3 Qc7 20. Bg3 Nxg3 21. fxg3 Qxb6 22. Qf7+ Kh8 23. Qe8+ Kg7 24. Rf7+ Kh6 25. Qg8 Qxd4+ 26. Kh1 Bxg3 27. hxg3 e5 28. Qxh7+ Kg5 29. Bd3 Ne7 30. Rxe7 Qxd3 31. Qh4+ 1-0

[Event "GRE-ch U18"]
[Site "Kavala"]
[Date "2015.01.03"]
[Round "3"]
[White "Ballas, Athanasios Panag"]
[Black "Apostolakakis, Konstantinos"]
[Result "1-0"]
[WhiteElo "1795"]
[BlackElo "2004"]
[PlyCount "87"]
[EventDate "2015.01.02"]
[EventType "swiss"]
[EventRounds "9"]
[EventCountry "GRE"]
[SourceTitle "EXT 2024"]
[Source "ChessBase"]
[SourceDate "2023.10.10"]
[SourceVersion "1"]
[SourceVersionDate "2023.10.10"]
[SourceQuality "1"]

1. e4 c5 2. Nf3 d6 3. d4 cxd4 4. Nxd4 Nf6 5. Nc3 a6 6. h3 e5 7. Nde2 Be6 8. g4 d5 9. exd5 Nxd5 10. Bg2 Nxc3 11. Qxd8+ Kxd8 12. Nxc3 Nc6 13. Be3 Kc7 14. 0-0-0 Be7 15. Nd5+ Bxd5 16. Bxd5 f6 17. Be4 g6 18. h4 Rad8 19. c3 a5 20. h5 g5 21. Rxd8 Nxd8 22. Rd1 Nf7 23. Bxb7 Nd6 24. Bc5 Rb8 25. Bxd6+ Bxd6 26. Be4 a4 27. Rd5 h6 28. Ra5 a3 29. b4 Kb6 30. Ra8 Rxa8 31. Bxa8 Kb5 32. Bd5 Bc7 33. Kc2 Bb6 34. f3 Be3 35. Kb3 Bc1 36. c4+ Kb6 37. Ka4 Bb2 38. Be4 Bc1 39. c5+ Kc7 40. Kb5 Bd2 41. Kc4 Be3 42. b5 Bd4 43. b6+ Kb8 44. Kb5 1-0